000 00284cam a2200133ua 4500
041 _aeng
_h
100 _aMunshi, A.D .
245 _aImproved ways of chilly cultivation
260 _a :
_bDept.Ex ,
_c1999.
300 _a ; .
504 _a
942 _cBK
999 _c13005
_d13005